|
|
|
|
| LEADER |
00000nam a2200000 a 4500 |
| 001 |
vtls001415358 |
| 003 |
SK-MaSNL |
| 005 |
20260301202315.0 |
| 008 |
240314sm y0 xo 0 und |
| 035 |
|
|
|a SNK000370092
|
| 040 |
|
|
|a SNK
|b slo
|c SNK
|e AACR2
|
| 044 |
|
|
|a xo
|c SK
|
| 100 |
1 |
|
|a Bengtsson, Inga
|4 aut
|9 584125
|
| 245 |
1 |
0 |
|a Stabilný orálny enterický potiahnutý prípravok, spôsob jeho výroby a jeho použitie. A 61K 9/24
|
| 260 |
|
|
|a Banská Bystrica
|b Úrad priemyselného vlastníctva SR
|c 2001
|
| 300 |
|
|
|a 6 s.
|
| 999 |
|
|
|c 898379
|d 900309
|
| 952 |
|
|
|t P60, <04>, [BOOK], {604}
|a SNK
|b SNK
|y VYP
|7 0
|p 17A0303847
|o snkSK 281105
|i snkPS 423/2001
|0 0
|1 0
|4 0
|d 2001-06-15
|l 0
|r 2005-01-02 00:00:00
|w 2026-02-24
|